000 01365nas a22001817a 4500
008 210325b th ||||| |||| 00| 0 tha d
022 _a15134741
037 _nจัดซื้อวารสาร
041 0 _atha
245 1 0 _aผู้นำท้องถิ่น
260 3 _aกรุงเทพฯ :
_bบริษัท บ้านผู้นำ จำกัด (มหาชน)
310 _aรายเดือน
850 _aNALT
942 _cJNR
997 _c51936
999 _c91936
_d91936